000 00289nam a2200121Ia 4500
008 191201s2008 xx 000 0 und d
100 _aAGGARWAL, Usha
245 0 _aSone Ka Pinjra
260 _aN. Delhi
_bPoonam Prakashan
_c2008
300 _a135
650 _aGeneral Books
942 _2ddc
_cBK
999 _c716
_d716